Géopolitique - La guerre au Moyen-Orient depuis 1945. - Statistiques

Statistiques générales
  • Ce quiz a été pris 3 473 fois
  • Le résultat moyen est 12 sur 21
Statistiques - réponses
Questions Réponses % Correct
Quel pays exerce un mandat sur la Palestine en 1945? Royaume-Uni
87%
Quel pays fût le théâtre d'une seconde intervention américaine en 2003? Irak
79%
Quels territoires Israël conquît-elle durant cette guerre? (Nommez en un) Plateau du Golan | Bande de Gaza | Cisjordanie | Désert du Sinaï
77%
Quelle ville européenne subit plusieurs attentats en janvier et novembre 2015? Paris
76%
Quel homme était à l'origine de l'attentat du 11 septembre, perpétré par Al-Qaïda? Oussama Ben Laden
72%
En quelle année a lieu la guerre des Six Jours? 1967
67%
Lors de quelle guerre en 1973 les pays arabes tentent de récupérer les territoires perdus? Guerre du {Kippour}
67%
Par l'invasion de quel pays fût déclenchée la Première guerre du Golfe? Koweït
67%
Quel homme est président d'Irak de 1979 à 2003? Saddam Hussein
66%
En quel année Nasser nationalisa-t-il le canal de Suez entraînant une intervention franco-britannique? 1956
64%
Quel mouvement de résistance palestinien islamique est créé en 1987? Hamas
58%
Quels accords amènent à la reconnaissance de l'Autorité palestinienne en 1993? Accords d'{Oslo}
57%
Quel nom est donné aux soulèvements de Palestiniens contre l'autorité d'Israël en 1987 et 2000? Intifada
53%
Comment se nomme le dirigeant de l'OLP* à partir de 1969? Yasser Arafat
52%
En quel année le Califat est-il proclamé sur le territoire maîtrisé par Daesh? 2014
51%
Lors de quels accords l'Égypte reconnaît-elle l'état d'Israël en 1979? Accords de {Camp} {David}
49%
Quel homme proclama l'état d'Israël le 14 mai 1948? David Ben Gourion
48%
Quel homme pris le pouvoir après la chute du Shah d'Iran en 1979? Rouhollah Khomeini
37%
Comment se nomme l'alliance regroupant les pays arabes autour de l'Égypte de Nasser? Ligue arabe
35%
Quels événements contribuèrent à déstabiliser la Syrie en 2011? Les Printemps arabes
32%
Quelles sont les dates de la guerre Iran-Irak? 1980-1988
30%
Aucun quiz correspondant
Distribution des résultats
% des personnes avec chaque résultat
Percentile par nombre de réponses
Votre historique - résultats
Vous n’avez pas pris ce quiz